=LDR 00000nam 2200000 4500 =001 INLIS000000000001937 =005 20130612090321 =008 ***********************************Ind** =035 ##$$0010-061300000001937 =041 ##$$a Ind =082 ##$$a 611 =090 ##$$a 611, Rad a =100 ##$$a Radioputra =245 ##$$a Anatomi klinik, Radioputra =260 ##$$a 1981 $b Jakarta =300 ##$$a 143 hlm, ilus, 20 cm =650 ##$$a Anatomi =650 ##$$a Laboratorium =850 ##$$a NBPNMAT